000 00351 a2200121 4500
001 ART_40768
005 20260410161646.0
008 260409a
245 1 0 _aEl nuevo régimen de blanqueo
100 1 _aMoreno, Carolina
700 1 _aMazzaroni, Diego H.
773 0 _tConsultor tributario
_g- Año 10, Nº 117 (nov. 2016)
_wREV474
999 _c13837
_d13837